Statistiques concernant Cantons suisses

Cliquez ici pour prendre le quiz!

Statistiques générales

  • Ce quiz a été pris 57 fois
  • Le résultat moyen est 18 sur 26

Statistiques - réponses

Réponse% Correct
Genève
100%
Berne
94%
Valais
89%
Neuchâtel
85%
Tessin
85%
Vaud
85%
Grisons
83%
Fribourg
79%
Bâle-Campagne
72%
Bâle-Ville
70%
Jura
68%
Schaffhouse
64%
Zurich
64%
Lucerne
62%
Soleure
60%
Uri
58%
Obwald
57%
Saint-Gall
57%
Appenzell-Rhodes Extérieures
55%
Appenzell-Rhodes Intérieures
55%
Glaris
55%
Nidwald
55%
Thurgovie
55%
Zoug
55%
Argovie
51%
Schwytz
47%

Distribution des résultats

Percentile par nombre de réponses

% des personnes avec chaque résultat

Votre développement - résultats

Vous n’avez pas pris ce quiz